<?xml version="1.0" encoding="UTF-8"?>
<collection xmlns="http://www.loc.gov/MARC21/slim">
 <record>
  <leader>02096nam a2200241Ia 4500</leader>
  <controlfield tag="001">CTU_100885</controlfield>
  <controlfield tag="008">210402s9999    xx            000 0 und d</controlfield>
  <datafield tag="020" ind1=" " ind2=" ">
   <subfield code="c">873000</subfield>
  </datafield>
  <datafield tag="082" ind1=" " ind2=" ">
   <subfield code="a">621.319</subfield>
  </datafield>
  <datafield tag="082" ind1=" " ind2=" ">
   <subfield code="b">J12</subfield>
  </datafield>
  <datafield tag="100" ind1=" " ind2=" ">
   <subfield code="a">Jacob, J. Michael</subfield>
  </datafield>
  <datafield tag="245" ind1=" " ind2="0">
   <subfield code="a">Advanced AC circuits and electronics :</subfield>
  </datafield>
  <datafield tag="245" ind1=" " ind2="0">
   <subfield code="b">Principles &amp; applications</subfield>
  </datafield>
  <datafield tag="245" ind1=" " ind2="0">
   <subfield code="c">J. Michael Jacob</subfield>
  </datafield>
  <datafield tag="260" ind1=" " ind2=" ">
   <subfield code="a">Victoria</subfield>
  </datafield>
  <datafield tag="260" ind1=" " ind2=" ">
   <subfield code="b">Thomson</subfield>
  </datafield>
  <datafield tag="260" ind1=" " ind2=" ">
   <subfield code="c">2004</subfield>
  </datafield>
  <datafield tag="520" ind1=" " ind2=" ">
   <subfield code="a">From the moment they open Advanced AC Electronics: Principles and Applications, readers will become actively involved in learning how to apply AC circuit techniques to electronics circuits that are interesting and actually do something useful! Rather than presenting AC electronics as a series of seemingly magical rules and incantations, this book integrates AC circuit theory tools with electronics, interweaves topics as needed, and introduces the use of circuit analysis tools on a just-in-time basis to support development of electronics circuits. It engages readers in applying circuit theory to a wide variety of passive and active electronics that respond to a sinusoidal signal with both a change in magnitude and a shift in the sine wave's phase. Immediately upon introduction, each technique is applied to a host of examples, including: commercial electrical power production and distribution, industrial motor performance and control, audio systems, instrumentation, radio frequency, and communications circuits. Motors, rf and audio cables, loudspeakers, thyristors, transition and op amp amplifiers are also introduced early on, capturing attention while guiding readers in their examination of real-world responses to sinusoids. Level and rigor make Advanced AC Electronics an ideal choice for programs accredited by the Accreditation Board for Engineering and Technology (ABET).</subfield>
  </datafield>
  <datafield tag="650" ind1=" " ind2=" ">
   <subfield code="a">Electric circuits,Electronics</subfield>
  </datafield>
  <datafield tag="650" ind1=" " ind2=" ">
   <subfield code="x">Alternating current,Problems, exercises, etc,Problems, exercises, etc</subfield>
  </datafield>
  <datafield tag="904" ind1=" " ind2=" ">
   <subfield code="i">Truc</subfield>
  </datafield>
  <datafield tag="910" ind1=" " ind2=" ">
   <subfield code="a">Sách kèm đĩa AV.001538</subfield>
  </datafield>
  <datafield tag="980" ind1=" " ind2=" ">
   <subfield code="a">Trung tâm Học liệu Trường Đại học Cần Thơ</subfield>
  </datafield>
 </record>
</collection>
